000 00536 a2200157 4500
003 NUST
038 _awaseem
082 _aBICSE-2
100 _aM. Arshad
_992161
245 _aExploiting TCP for Covert Channels
_cM. Arshad
260 _a Islamabad,
_bNUST School of Electrical Engineering & Computer Science,
_c 2008.
300 _aiv, 44 p.
_b: ill.
_c; 27 cm. +
_eCD-ROM
500 _aSupervisors : Dr. Fauzan Mirza, Dr. Syed Ali Khayam.
856 _uhttp://10.250.8.41:8080/xmlui/handle/123456789/28728
942 _cPR
_kBICSE-2 ARS
_2ddc
999 _c9132
_d9132